DESIGN OF NOVEL STRATEGY TO PROVIDE SECURITY IN CLOUD COMPUTING (Record no. 218944)

MARC details
000 -LEADER
fixed length control field 00337nam a2200109Ia 4500
008 - FIXED-LENGTH DATA ELEMENTS--GENERAL INFORMATION
fixed length control field 240129s9999 xx 000 0 und d
100 ## - MAIN ENTRY--PERSONAL NAME
Personal name GUPTA, ANIL
245 #0 - TITLE STATEMENT
Title DESIGN OF NOVEL STRATEGY TO PROVIDE SECURITY IN CLOUD COMPUTING
260 ## - PUBLICATION, DISTRIBUTION, ETC.
Name of publisher, distributor, etc. MEWAR UNIVERSITY, CHITTORGARH
Date of publication, distribution, etc. 2021
650 ## - SUBJECT ADDED ENTRY--TOPICAL TERM
Topical term or geographic name entry element Computer Science & Engineering
942 ## - ADDED ENTRY ELEMENTS (KOHA)
Koha item type Ph. D Thesis
Holdings
Withdrawn status Lost status Damaged status Not for loan Home library Current library Shelving location Date acquired Total Checkouts Barcode Date last seen Price effective from Koha item type
        Mewar University Central Library Mewar University Central Library Engineering 30/01/2024   TH0369 30/01/2024 30/01/2024 Ph. D Thesis